00440nam a2200169Ia 4500003000400000008004100004040000800045100002500053245002700078260001000105260001400115260000900129300001000138942000700148952009800155999001700253RNL090707b ii f a fnsan d aRCL aNoor, Sutinder Singh aKavita Rachna Virachna aDelhi bShilalekh c2009 a159p. cBK 00102ddc40708PunaRNLbRNLcGENd2018-10-02l0p48482r2018-10-02v200.00w2018-10-02yBK c22693d22693